00433nam a2200181Ia 4500008004100000020001800041041000800059082001800067100001000085245003600095250001200131260003900143300000800182440001000190500002500200650001600225700001000241230125s9999 xx 000 0 und d a81-314-1136-2 aeng a658.4033bICF aICFAI aQuantitative Methods : Workbook a1st Ed. c2008bICFAI publicationaHyderabad a76p aICFAI aQuantitative methods aMathematics aICFAI